Quizzes
Events
Quiz Creation
Community
Videos
Private Events
Remove Ads
Sign In
Join for FREE
Feedback
Dark Mode
Quiz Categories
Sports
Geography
Music
Movies
Television
Just For Fun
Miscellaneous
History
Literature
Language
Science
Gaming
Entertainment
Religion
Holiday
For Kids
Quiz Lab
Recent
Popular Today
Quiz Kudos Today
Editor Picks
Curator Picks
Quizzes by...
Day
Popularity
Type
Ratings
Length
Year
Community
Subscriptions
Recent Discussions
Orange Saloon
Badges
Playlists
Quests
Create
Leaderboards
Showdown
Live 5
Trivia Bingo
Activity
Puzzle Library
Sporcle Events
Private Events
Virtual Trivia
Globe League
Become a Host
Pub Owners
SporcleCon
Opinionation
Our Games
Videos
Blog
Mobile Apps
Partnerships
Remove Ads and Go Orange
Feedback
Miscellaneous
Crossword
General Knowledge
Baby Names
Logo
Food
Cars
Numbers
Grab Bag
University
College
Popular
Company
Slogans
Restaurants
Justice
Letter
Miscellaneous
Crossword
General Knowledge
Baby Names
Logo
Food
Cars
Numbers
Grab Bag
University
College
Popular
Company
Slogans
Restaurants
Justice
Letter
Random Quiz
Search Sporcle
×
Quiz Lab
Quiz Lab
Miscellaneous
City
Type in answers that appear in a list
Type in answers that appear in a list
Classic
Best Score? Go Orange.
Airport Addition Stats
Can you name the words formed by combining these airport codes?
By
jmb
8m
13 Questions
34 Plays
34 Plays
34 Plays
Comments
Comments
Give Quiz Kudos
Give Quiz Kudos
-
- Ratings
hide this ad
Replay
Link that replays current quiz
Next Quiz
Link to next quiz in quiz playlist
You Got
0%
They Got
Avg Score
45%
Avg Friend Score
Upgrade to see
Score Distribution
Jump to the score distribution portion of the page
Score
0/13
Timer
08:00
0
Plays Today
Airports (Cities)
Word
% Correct
Bob Hope Airport (Burbank, CA) + Denver International Airport (Denver, CO)
BURDEN
85.3%
Accra Airport (Accra, Ghana) + Enewetak Island Airport (Marshall Islands)
ACCENT
61.8%
Tri-
Cities Regional Airport (Johnson City, TN) + Podor Airport (Podor, Senegal)
TRIPOD
58.8%
Sun Valley Airport (Sun Valley, ID) + Little Rock National Airport (Little Rock, AR)
SUNLIT
58.8%
Logan International Airport (Boston, MA) + Selfield Airport (Selma, AL)
BOSSES
52.9%
Memorial Field Airport (Hot Springs, AR) + Hanscom Field Airport (Bedford, MA)
HOTBED
50%
Tarama Airport (Tarama, Japan) + Vernal Regional Airport (Vernal, UT)
TRAVEL
50%
Visalia Municipal Airport (Visalia, CA) + Waterport Airport (Orpheus Island Resort, Australia)
VISORS
41.2%
Orleans Airport (Orleans, France) + Groton-
New London Airport (Groton-
New London, CT)
OREGON
35.3%
Howes Airport (Huron, SD) + Municipal Airport (Estherville, IA)
HONEST
35.3%
Waterbury-
Oxford Airport (Oxford, CT) + Watertown Airport (Dexter, NY)
OXCART
29.4%
Marcus Island Airport (Marcus Island, Japan) + Hopkins International Airport (Cleveland, OH)
MUSCLE
20.6%
Aboisso Airport (Aboisso, Ivory Coast) + Kunduz Airport (Kunduz, Afghanistan)
ABOUND
17.6%
Quiz Playlist
Details
Report
Send in Message
Add To Playlist
Classic:
Type in answers that appear in a list
Last Updated: Feb 16, 2017
Quiz Scoreboard
CHALLENGE
Sign Up to Join the Scoreboard
Show All
Scores
Hide
Comments
May contain spoilers
Recently Published
NBA Finals Game Top Scorers (2010s)
by flibbidy
Sports
5m
Guess the 'R' Things in 3 Words
by MSUKent
Miscellaneous
3m
Actor to Badly Drawn Movie III
by MoMosMoProblems
Movies
5m
More to Explore
Quiz From the Vault
Featured Blog Post
Where Does Lost Luggage Go?
hide this ad
You Might Also Like...
Tags
City Quiz
Addition
airport
code
Formed
Today's Top Quizzes in Miscellaneous
Browse Miscellaneous
hide this ad
Today's Top Quizzes in City
Browse City
Top Contributed Quizzes in Miscellaneous
1
The JOE quick-fire general knowledge quiz: Day 166
2
The JOE quick-fire general knowledge quiz: Day 165
3
Guess the 'S' Things in 3 Words
4
Guess the 'T' Things in 3 Words
5
Guess the 'V' Things in 3 Words
6
Guess the 'W' Things in 3 Words
7
Guess the 'Y' Things in 3 Words
8
Sporcle Acrostic Puzzle XXXV
9
The JOE quick-fire general knowledge quiz: Day 164
10
Enormous Crossword: Best Actress Oscar
Explore More
Trending Topics
Anime
Disney
Harry Potter
Kpop
Marvel
Crossword
NBA
NFL
Country
Song
WWE
Puzzle
Soccer
The Office
Pokémon
hide this ad
More By:
jmb
Quiz
Plays
Rating
Category
Featured
Created
Most US Top 10 Albums
33,392
4.47
Music
Oct 20, 2014
Missing Word: Parenthetical Songs
11,317
4.24
Just For Fun
Sep 6, 2010
Beatles Nonalbum Singles
2,308
4.36
Music
Oct 14, 2014
Sound Smart About: New York City
1,419
5.00
Miscellaneous
Oct 28, 2022
The Beetles Greatest Hits
909
4.56
Music
Jun 8, 2013
Go to Creator's Profile
Score Distribution
Quiz Creator Spotlight
jmb
Follow
Send a Message
Quizzes Created
-
Created Quiz Play Count
-
More By This Creator
Popular Quizzes Today
1
Find the US States - No Outlines Minefield
2
Find the US States
3
The Countries of the World
4
10 Largest US States in Order
5
Find the Countries of Europe - No Outlines Minefield
6
US States
7
Guess the 'R' Things in 3 Words
8
NBA Finals Game Top Scorers (2010s)
More Miscellaneous Quizzes
Same First Name
Published
Trending Quizzes
First Name TV: Leading Men
Match the Book to the Film II
First Name TV: Leading Women Drama
Match the Book to the Film VI
Pick A Pair: Religious TV
Recently Updated
Women's Final Four Teams by Year
bhenderson79
Presidents Quartet II
eogle
Anything But Clue(do)
eogle
Anything But Oceanian Capitals
eogle
Anything But 7
eogle
Anything But Thing
eogle
Word Ladder: February 29
pecheneg
Song Title Questions
pecheneg
Women's NCAA Tournament #1 Seeds
pecheneg
Celebrity Mug Shots
pecheneg
Trending Topics
NBA
Anime
Disney
Marvel
Harry Potter
Kpop
Crossword
Song
WWE
Soccer
Country
Puzzle
Pokémon
NFL
The Office
Your Account Isn't Verified!
In order to create a playlist on Sporcle, you need to verify the email address you used during registration. Go to your
Sporcle Settings
to finish the process.
Report this User
Report this user for behavior that violates our
Community Guidelines
.
Details:
Send Report
Go to the Sporcle.com Mobile Site →
Comments